1679 1920 1720 1641 1245 1158 1697 1707 1804 1539 1560 1061 1100 1126 1329 1634 1453 1538 1232 1895 1760 1700 1805 1770 1985 1430 1462 1397 1138 1862 1912 1476 1049 1538 1192 1761 1485 1410 1867 1898 1488 1395 1820 1513 1314 1426 1871 1592 1917 1203 1561 1061 1424 1335 1651 1141 1560 1088 1328 1338 1976 1870 1667 1767 1590 1692 1934 1197 1225 1648 1764 1014 1325 1704 1705 1297 1807 1527 1628 1055 1264 1369 1501 1554 1098 1602 1990 1186 1721 1970 1933 1106 1433 1212 1929 1278 1015 1389 1213 BCNSPRNW ULIB Ver.6.0+V

เปลี่ยนเป็นภาษาไทย

Change to English
 แสดงรายละเอียดบรรณานุกรม
  กลับหน้าหลัก

Brief Record : Get Marc (ISO 2709) : E-mail record : QR code < ปิดหน้าต่าง
LEADER : 00000nam 2200000uu 4500
001    13399120745
003     ULIB
008    121005s2553||||th 000 0 tha d
020    ^a9786167324180
050 04 ^aLC94.T5^bส691ผ2553
245 00 ^aแผนการศึกษาแห่งชาติ ฉบับปรับปรุง (พ.ศ. 2552-2559) ฉบับสรุป/^cสำนักงานเลขาธิการสภาการศึกษา
250    ^aพิมพ์ครั้งที่ 1
260    ^aกรุงเทพฯ :^bสำนักงานเลขาธิการสภาการศึกษา,^c2553
300    ^a90 หน้า ;^c21 ซม.
650  4 ^aการพัฒนาการศึกษา
650  4 ^aแผนการศึกษาแห่งชาติ
710 2  ^aสำนักงานเลขาธิการสภาการศึกษา
945    ^p0^l0^i16596
945    ^p0^l0^i16597
945    ^p0^l0^i16592
995    ^aวิภา
999 ^a ทศพร
รายการนี้ยังไม่มีแท็ก
คุณยังไม่ได้ล็อกอิน คุณสามารถมีกิจกรรมร่วมกับเว็บไซต์ได้ แต่ต้องล็อกอินก่อน ::
  ล็อกอิน

รายการสื่อสารสนเทศ

ลำดับที่ ประเภท เลขเรียก/บาร์โค้ด สถานที่ สถานะ
1. วิทยาศาสตร์การแพทย์ และสุขภาพ
วิทยาศาสตร์การแพทย์ และสุขภาพ
LC94.T5 ส691ผ2553  
  Barcode: 16596
ห้องสมุดวิทยาเขตสวรรค์ประชารักษ์
►หนังสือทั่วไป
บนชั้น
2. วิทยาศาสตร์การแพทย์ และสุขภาพ
วิทยาศาสตร์การแพทย์ และสุขภาพ
LC94.T5 ส691ผ2553 ฉ.2 
  Barcode: 16597
ห้องสมุดวิทยาเขตสวรรค์ประชารักษ์
►หนังสือทั่วไป
บนชั้น
3. วิทยาศาสตร์การแพทย์ และสุขภาพ
วิทยาศาสตร์การแพทย์ และสุขภาพ
LC94.T5 ส691ผ2553 ฉ.3 
  Barcode: 16592
ห้องสมุดวิทยาเขตสวรรค์ประชารักษ์
►หนังสือทั่วไป
บนชั้น

รายการใกล้เคียง
    หัวเรื่อง [การพัฒนาการศึกษา]
    หัวเรื่อง [แผนการศึกษาแห่งชาติ]

BibComment


ยังไม่เคยถูกคอมเมนท์

คอมเมนท์ทรัพยากรรายการนี้
  คอมเมนท์: แผนการศึกษาแห่งช..


 Copyright 2026. Bcnsprnw @Library